| 000 | 00416nam a22001457a 4500 | ||
|---|---|---|---|
| 020 | _a- | ||
| 082 | _a621.3815 ANA | ||
| 100 | _aAnand, M.L. | ||
| 245 | _aElectronic devices and circuits (Volume-III) | ||
| 260 |
_aNew Delhi, India _bS.K. Kataria & Sons _c2011 |
||
| 300 |
_avi, 386 p. _bill. ; |
||
| 500 | _aIncludes index. | ||
| 650 | _a1. Electronic circuits. 2. Electronic apparatus and appliances. | ||
| 942 | _cBK | ||
| 999 |
_c12600 _d12600 |
||